|
|
|
|
| LEADER |
00000nam0a2200000 4500 |
| 001 |
321812 |
| 005 |
20231102003419.0 |
| 035 |
|
|
|a (RuTPU)RU\TPU\book\347368
|
| 090 |
|
|
|a 321812
|
| 100 |
|
|
|a 20160906d1952 km y0rusy50 ca
|
| 101 |
0 |
|
|a rus
|
| 102 |
|
|
|a RU
|
| 105 |
|
|
|a a z 000zy
|
| 200 |
1 |
|
|a Расчет насосных станций и регулирующих резервуаров для дождевых вод
|f С. И. Мандель
|
| 210 |
|
|
|a Москва
|c Изд-во Министерства коммунального хозяйства РСФСР
|d 1952
|
| 215 |
|
|
|a 44 с.
|c ил.
|
| 606 |
1 |
|
|a Насосные станции канализационные
|x Проектирование
|2 stltpush
|3 (RuTPU)RU\TPU\subj\44930
|9 64198
|
| 606 |
1 |
|
|a Резервуары для воды
|2 stltpush
|3 (RuTPU)RU\TPU\subj\24586
|9 48907
|
| 610 |
1 |
|
|a канализационные насосные станции
|
| 610 |
1 |
|
|a строительство
|
| 610 |
1 |
|
|a дождевые воды
|
| 610 |
1 |
|
|a расчеты
|
| 610 |
1 |
|
|a ливневые канализации
|
| 610 |
1 |
|
|a производительность
|
| 610 |
1 |
|
|a уравнительные резервуары
|
| 610 |
1 |
|
|a примеры
|
| 675 |
|
|
|a 628.2
|v 4
|
| 675 |
|
|
|a 628.13
|v 4
|
| 700 |
|
1 |
|a Мандель
|b С. И.
|
| 801 |
|
1 |
|a RU
|b 63413507
|c 20160906
|
| 801 |
|
2 |
|a RU
|b 63413507
|c 20200702
|g RCR
|
| 942 |
|
|
|c BK
|